Vista normal
Vista MARC
Entrada Materia (personas)
Número de registros utilizados en: 1
001 - CONTROL NUMBER
- control field: 158938
003 - CONTROL NUMBER IDENTIFIER
- control field: Co-BoUCM
005 - DATE AND TIME OF LATEST TRANSACTION
- control field: 20211110132743.0
008 - FIXED-LENGTH DATA ELEMENTS
- fixed length control field: 211110|| aca||aabn | a|a d
040 ## - CATALOGING SOURCE
- Original cataloging agency: Co-BoUCM
- Transcribing agency: Co-BoUCM
100 ## - HEADING--PERSONAL NAME
- Personal name: Feuerbach, Ludwig Andreas
- Dates associated with a name: 1804-1872
- General subdivision: Crítica e interpretación, etc.
- Form subdivision: Ensayos, conferencias, etc
670 ## - SOURCE DATA FOUND
- Source citation: Work cat.: (Co-BoUCM)35480: Schmidt, Alfred 1931- 158937, Feuerbach o la sensualidad emancipada, 1975